000 00987nam a2200253 i 4500
001 16020
003 ES-MaACL
005 20230906151228.0
007 t|
008 000601s1998 sp af |||| | spa
020 _a84-7846-757-2
080 _a821.134.2"18/19"(064.3)
245 0 0 _aLibros del 98
_b: dos orillas para un siglo : fondo bibliográfico y artístico de Javier Cabornero Domingo.
260 _a[Valladolid] :
_bConsejería de Educación y Cultura,
_c1998.
300 _a181 p., [11] p. de lám. :
_bil. col. y n. ;
_c27 cm.
500 _aExposición: Monasterio de Prado, Valladolid, 4 al 30 de mayo de 1998.
650 4 _aGeneración del 98 (Literatura)-
_vExposiciones.
_9167922
655 7 _2tgfbne
_9193628
_aCatálogos de exposiciones
710 2 _aMonasterio de Nuestra Señora de Prado.
_95738
710 1 _aCastilla y León.
_bConsejería de Educación y Cultura.
_92500
852 _aES-MaACL
_jL-23197
942 _2udc
999 _c16020
_d16020